Podział administracyjny Cypru - Statystyki

Ogólne statystyki
  • Ten quiz został rozwiązany 8 razy
  • Średni wynik to 4 z 6
Statystyki odpowiedzi
Dystrykt % Poprawnych
Larnaka
100%
Limassol
86%
Nikozja
86%
Famagust
71%
Kirenia
29%
Patos
14%
Nie znaleziono quizów pasujących do podanych kryteriów
Rozkład punktacji
Procent ludzi z każdym wynikiem
Percentyl według liczby udzielonych odpowiedzi
Twoja historia wyników
Nie rozwiązałeś tego quizu